Časové podmienky práce vo vybranom slovenskom podniku diplomová práca

Guardado en:
Detalles Bibliográficos
Autor principal: Bürgelová, Katarína
Autor Corporativo: Fakulta podnikového manažmentu EU. Katedra manažmentu
Otros Autores: Nachtmannová, Oľga, 1963-
Formato: Libro
Lenguaje:eslovaco
Publicado: Bratislava 2018
Etiquetas: Agregar Etiqueta
Sin Etiquetas, Sea el primero en etiquetar este registro!

MARC

LEADER 00000nbm a2200000 4500
001 0244864
005 20180920130130.6
041 0 |a slo 
044 |a SK 
245 1 0 |a Časové podmienky práce vo vybranom slovenskom podniku  |b diplomová práca  |c Katarína Bürgelová ; školiteľ: Oľga Nachtmannová 
264 1 |a Bratislava  |c 2018 
300 |a 63 s. 
100 1 |a Bürgelová, Katarína 
700 1 |a Nachtmannová, Oľga, 1963- 
710 2 |a Fakulta podnikového manažmentu EU. Katedra manažmentu